| 000 | 01091cam a22003253a 4500 | ||
|---|---|---|---|
| 001 | 2792 | ||
| 003 | PGUSA | ||
| 005 | 20140828083021.0 | ||
| 008 | 010901s2001||||xxu|||||s|||||000 | eng d | ||
| 040 |
_aPGUSA _beng |
||
| 042 | _adc | ||
| 050 | 4 | _aPQ | |
| 100 | 1 |
_aPellico, Silvio, _d1789-1854 |
|
| 245 | 1 | 0 |
_aMy Ten Years' Imprisonment _h[electronic resource] / _cSilvio Pellico |
| 260 |
_bProject Gutenberg, _c2001 |
||
| 506 | _aPublic domain in the USA. | ||
| 516 | _aElectronic text | ||
| 653 | _aPellico, Silvio, 1789-1854 -- Imprisonment | ||
| 653 | _aSpilberk (Brno, Czech Republic : Castle) | ||
| 653 | _aPolitical prisoners -- Czech Republic -- Biography | ||
| 653 | _aPolitical prisoners -- Italy -- Biography | ||
| 653 | _aAuthors, Italian -- 19th century -- Biography | ||
| 653 | _aCarbonari -- History -- Sources | ||
| 653 | _aMilan (Italy) -- History -- 1535-1859 -- Sources | ||
| 700 | 1 |
_aRoscoe, Thomas, _d1791-1871 |
|
| 740 | 0 | _aMie prigioni. English | |
| 830 | 0 |
_aProject Gutenberg _v2792 |
|
| 856 | 4 | 0 | _uhttp://www.gutenberg.org/ebooks/2792 |
| 942 | _cEB | ||
| 999 |
_c232124 _d232124 |
||